Statistiques concernant Cinéma commençant par la lettre B

Cliquez ici pour prendre le quiz!

Statistiques générales

  • Ce quiz a été pris 1 372 fois
  • Le résultat moyen est 5 sur 12

Statistiques - réponses

HintRéponse% Correct
Partenaire de Louis de Funès, notamment durant la guerreBourvil
85%
Blockbuster de 1959 avec sa célèbre course de charsBen-Hur
70%
Cinéaste au style gothique et étrangeTim Burton
61%
Objet en forme de rond, servant la projection de long-métragesBobine
57%
Révélé aux côtés de Jean Seberg, a le goût pour les cascadesJean-Paul Belmondo
56%
Parrain de la mafia en 1972Marlon Brando
54%
Sulfureux thriller de 1992 avec Sharon et MichaelBasic Instinct
45%
Père acteur, ami d'Audiard. Fils réalisateur, ami de DepardieuBlier
28%
Interprète du terrifiant Anton ChigurhJavier Bardem
17%
"Père" de Fanny et AlexandreIngmar Bergman
10%
"De tous les bars de toutes les villes du monde, il a fallu qu'elle entre dans le mien"Humphrey Bogart
5%
A rédigé sur le cinématographeRobert Bresson
4%

Distribution des résultats

Percentile par nombre de réponses

% des personnes avec chaque résultat

Votre développement - résultats

Vous n’avez pas pris ce quiz